000 00752nam a2200253 i 4500
001 C2-0332044
003 PPAK
005 20180728132315.0
008 150712s2014 nyuo|||| ||||| | eng d
020 _a9780062376572
040 _aPPAK
_beng
_cPPAK
_erda
082 0 4 _a823
_223
090 0 0 _a823
_bKYL
_dG
100 1 _aKyle, Chris,
_eauthor
245 1 0 _aAmerican sniper
264 1 _aNew York :
_bHarper ,
_c2014
300 _axi, 466 pages :
_bphotographs ;
_c19 cm
336 _2rdacontent
_atext
337 _2rdamedia
_aunmediated
338 _2rdacarrier
_avolume
650 1 0 _aKyle, Chris, 1974-2013. ; Iraq WAR, 2003-2011 - Personal barrative, American. ; Snipers - United States - Biography.
700 _eauthor
942 _ddc
_cB
999 _c130721
_d130721